000
00296cam a22001097a 4500
008
180718b1958 xxu||||| |||| 00| 0 eng d
082
_a
D In2
245
_a
India and the world, annual number 1958
260
_a
Delhi
_b
Malhotra Brothers
_c
1958
300
_a
104p.
650
_a
International Relations
999
_c
369253
_d
369253